|
|
|
|
| LEADER |
01316nam a22002897a 4500 |
| 001 |
39956 |
| 003 |
BD-DhAAL |
| 008 |
221107t2019 ii a 001 0 eng d |
| 999 |
|
|
|c 44574
|d 44574
|
| 020 |
|
|
|a 9781484243534 (pbk)
|
| 020 |
|
|
|a 9781484243541 (eBook)
|
| 040 |
|
|
|a BD-DhAAL
|c BD-DhAAL
|
| 082 |
|
|
|a 005.133
|2 23
|
| 100 |
|
|
|a Sarkar, Dipanjan.
|9 52239
|
| 245 |
|
|
|a Text analytics with Python :
|b a practitioner's guide to natural language processing /
|c Dipanjan Sarkar.
|
| 250 |
|
|
|a Second edition.
|
| 260 |
|
|
|a Bangalore, Karnataka, India :
|b Apress,
|c c2019.
|
| 300 |
|
|
|a xxiv, 674 pages :
|b illustrations ;
|c 26 cm.
|
| 500 |
|
|
|a Includes index.
|
| 526 |
|
|
|a CSE
|
| 541 |
|
|
|a Book Finder International
|e 39956, 39957
|
| 650 |
|
|
|a Python (Computer program language).
|9 52240
|
| 650 |
|
|
|a Computer science.
|9 52241
|
| 852 |
|
|
|a Ayesha Abed Library
|c General Stacks
|
| 942 |
|
|
|2 ddc
|c BK
|
| 952 |
|
|
|0 0
|1 0
|2 ddc
|4 0
|6 005_133000000000000_SAR
|7 0
|9 72174
|a BRACUL
|b BRACUL
|c GEN
|d 2022-10-27
|e Book Finder International
|g 2311.32
|l 2
|m 1
|o 005.133 SAR
|p 3010039957
|r 2024-06-02
|s 2024-05-28
|t 2
|v 2311.32
|w 2022-10-27
|y BK
|
| 952 |
|
|
|0 0
|1 0
|2 ddc
|4 0
|6 005_133000000000000_SAR
|7 0
|9 72175
|a BRACUL
|b BRACUL
|c GEN
|d 2022-10-27
|e Book Finder International
|g 2311.32
|l 3
|m 17
|o 005.133 SAR
|p 3010039956
|r 2024-01-15
|s 2024-01-15
|t 1
|v 2311.32
|w 2022-10-27
|y BK
|